000 00825cam a2200265 4500
001 26652
003 BD-RjUL
005 20211209051040.0
008 140323r19681925nyu b 001 0 eng
035 _a(BD-RjUL)26722
040 _aDLC
_cDLC
_dDLC
_dBD-RjUL
_beng
041 _aeng
082 0 0 _a945.5106
_bROL 1968
100 1 _aRoth, Cecil,
_d1899-1970.
_981909
245 1 4 _aThe last Florentine republic /
_cCecil Roth
260 _aNew York :
_bRussell & Russell,
_c1968.
300 _a388 p. ;
_c25 cm.
500 _aReprint of the 1925 ed.
504 _aIncludes bibliographical references and index
651 0 _aFlorence (Italy)
_xHistory
_y1421-1737.
_981910
651 0 _aFlorence (Italy)
_xPolitics and government
_y1421-1737.
_981911
942 _2ddc
_cBK
999 _c26652
_d26652